• 首页
  • 本馆介绍
  • 公告通知
  • 最新文献
  • 馆藏检索
  • 电子资源
  • 读者导购
  • 参考咨询
  • 我的图书馆
  • 登录
  • 详细信息显示
  • 放入我的书架
  • 预约/预借图书
  • 作者相关作品
  • 分类相关作品
  • 丛书相关作品
  • 出版社相关作品

书目信息

  • 表格格式
  • 工作单格式
  • 卡片格式
题名:
把这瓶开了!
    
 
作者: 帕克特 , 海默克 著 ;王琰 译
分册:  
出版信息: 南京   江苏凤凰文艺出版社  2016
页数: 230页
开本: 24cm
丛书名:
单 册:
中图分类: TS262.61
科图分类:
主题词: 葡萄酒--pu tao jiu--基本知识
电子资源:
ISBN: 978-7-5399-9512-0
000 01304nam0 22002891 450
001 0127154611
005 20170327154611.0
010    @a978-7-5399-9512-0@dCNY68.00
100    @a20160918d2016 em y0chiy50 ea
101 0  @achi
102    @aCN@b320000
105    @aab z 001yy
106    @ar
200 1  @a把这瓶开了!@Aba zhe ping kai le !@e一看就懂的葡萄酒品鉴、配餐、选购指南@f(美)玛德琳·帕克特(Madeline Puckette),(美)贾斯汀·海默克(Justin Hammack)著@g王琰译
210    @a南京@c江苏凤凰文艺出版社@d2016
215    @a230页@c图,地图@d24cm
312    @a版权页英文题名:Wine folly: the essential guide to wine
330    @a本书是一本寻酒兼品酒指南,以可视化图表设计为主要特点,专为日常饮酒的酒客设计。读者可以在书中找到葡萄酒基础知识,品鉴、饮用和储存葡萄酒教程,55中不同类型葡萄酒的概述,以及20幅葡萄酒地图详解。
510 1  @aWine folly@ethe essential guide to wine@zeng
517 1  @a一看就懂的葡萄酒品鉴、配餐、选购指南@Ayi kan jiu dong de pu tao jiu pin jian pei can xuan gou zhi nan
606 0  @a葡萄酒@Apu tao jiu@x基本知识
690    @aTS262.61@v5
701  0 @c(美)@a帕克特@Apa ke te@c(Puckette, Madeline)@4著
701  0 @c(美)@a海默克@Ahai mo ke@c(Hammack, Justin)@4著
702  0 @a王琰@Awang yan@4译
801  0 @aCN@bTANGWEI@c20170308
905    @b0963271-3@dTS262.61@e240@f3
    
    把这瓶开了!:一看就懂的葡萄酒品鉴、配餐、选购指南/(美)玛德琳·帕克特(Madeline Puckette),(美)贾斯汀·海默克(Justin Hammack)著/王琰译.-南京:江苏凤凰文艺出版社,2016
    230页:图,地图;24cm
    
    
    ISBN 978-7-5399-9512-0:CNY68.00
    本书是一本寻酒兼品酒指南,以可视化图表设计为主要特点,专为日常饮酒的酒客设计。读者可以在书中找到葡萄酒基础知识,品鉴、饮用和储存葡萄酒教程,55中不同类型葡萄酒的概述,以及20幅葡萄酒地图详解。
●
相关链接 在E读中查询图书 在五车中查询图书 在当当中查询图书 在豆瓣中查询图书


正题名:把这瓶开了!     索取号:TS262.61/240         预约/预借

序号 登录号 条形码 馆藏地/架位号 状态 备注
1 0963271   209632717   第二样本阅览室/ [索取号:TS262.61/240] 在馆    
2 0963272   209632726   第三借阅区/ [索取号:TS262.61/240] 在馆    
3 0963273   209632735   第三借阅区/ [索取号:TS262.61/240] 在馆    
唐山师范学院图书馆 欢迎您!
大连网信软件有限公司© 版权所有